PASCAL'S PENSEES /

সংরক্ষণ করুন:
গ্রন্থ-পঞ্জীর বিবরন
বিন্যাস: গ্রন্থ
মালা:A DUTTON PAPERBACK
বিষয়গুলি:
ট্যাগগুলো: ট্যাগ যুক্ত করুন
কোনো ট্যাগ নেই, প্রথমজন হিসাবে ট্যাগ করুন!

MARC

LEADER 00000nam^a2200000^a^4500
001 000244573
005 20250521000000.0
009 20260310105423.42
035 |a 067314 
037 |a Acervo Xavier Clavigero 
082 |a 149. 7  |b PAS 
245 1 0 |a PASCAL'S PENSEES /  |c S/A 
264 |a U.S.A. :  |b E.P. DUTTON & CO.,  |c 1958 
300 |a 297 p. 
336 |a texto  |b txt  |2 rdacontenido 
337 |a sin mediación  |b n  |2 rdamedio 
338 |a volumen  |b nc  |2 rdasoporte 
440 |a A DUTTON PAPERBACK 
649 |a XX 
650 |a Racionalismo 
910 |a Fondo General 
920 |a Impresos - Libros 
930 |a Colección General 
905 |a 101 
901 |a 067314  |b IT1  |c ACC  |i 067314  |u 20250521 
902 |a https://opac.biblio.iteso.mx/vufind/Record/000244573